Statystyki dla Najchętniej oglądane seriale Netflix Original

Kliknij tutaj aby rozwiązać quiz!

Ogólne statystyki

  • Ten quiz został rozwiązany 2 966 razy
  • Średni wynik to 3 z 10

Statystyki odpowiedzi

Liczba odtworzeńSerial% Poprawnych
64 mlnStranger Things
81%
44 mlnDom z papieru
74%
40 mlnSex Education
37%
20 mlnSzkoła dla elity
31%
40 mlnTy
23%
45 mlnThe Umbrella Academy
13%
33 mlnNasza planeta
4%
25 mlnJak nas widzą
1%
30 mlnJuż nie żyjesz
1%
32 mlnNiewiarygodne
1%

Rozkład punktacji

Percentyl według liczby udzielonych odpowiedzi

Procent ludzi z każdym wynikiem

Twoja historia wyników

Nie rozwiązałeś tego quizu